Les 10 noms de famille coréens les plus répandus - Statistiques

Statistiques générales
  • Ce quiz a été pris 598 fois
  • Le résultat moyen est 5 sur 10
Statistiques - réponses
Hint Réponse % Correct
10 689 959 Kim
91%
7 306 828 Lee
81%
4 192 074 Park
80%
1 055 567 Cho
44%
2 151 879 Jung
42%
1 176 847 Kang
36%
2 333 927 Choi
32%
992 721 Chang
27%
823 921 Im
25%
1 020 547 Yoon
24%
Aucun quiz correspondant
Distribution des résultats
% des personnes avec chaque résultat
Percentile par nombre de réponses
Votre historique - résultats
Vous n’avez pas pris ce quiz